| 000 | 00343nam a22001337a 4500 | ||
|---|---|---|---|
| 999 |
_c8208 _d8208 |
||
| 003 | OSt | ||
| 005 | 20200812165647.0 | ||
| 008 | 200812b ||||| |||| 00| 0 eng d | ||
| 020 | _a9789881566454 | ||
| 082 |
_a725.4 _bWEY |
||
| 245 | _aIndustrial building : planning and design | ||
| 260 |
_aHong Kong _bDesign media publishing _c2013 |
||
| 942 | _2ddc | ||